[Event "South America-ch U10 16th"]
[Site "Buenos Aires"]
[Date "2019.12.01"]
[Round "1.9"]
[White "Schafranski, Marcelo Emanuel"]
[Black "Amarilla Ettiene, Ezequiel"]
[Result "1-0"]
[WhiteElo "1440"]
[BlackElo "1132"]
[PlyCount "55"]
[EventDate "2019.12.01"]
[EventType "swiss"]
[EventRounds "9"]
[EventCountry "ARG"]
[SourceTitle "EXT 2024"]
[Source "ChessBase"]
[SourceDate "2023.10.10"]
[SourceVersion "1"]
[SourceVersionDate "2023.10.10"]
[SourceQuality "1"]

1. d4 Nf6 2. Nf3 e6 3. Bf4 Bb4+ 4. c3 Ba5 5. e3 0-0 6. Bd3 d6 7. 0-0 Nbd7 8. Nbd2 b6 9. b4 Bxb4 10. cxb4 Bb7 11. Qc2 Re8 12. Bg3 e5 13. dxe5 dxe5 14. e4 c5 15. b5 Rc8 16. Nc4 a6 17. Nd6 axb5 18. Nxe8 Qxe8 19. Bxb5 Bxe4 20. Qa4 Ra8 21. Bxd7 Qd8 22. Qd1 Nxd7 23. Nxe5 Ra7 24. Qb3 Nxe5 25. Bxe5 Qg5 26. Qg3 Qh6 27. Rfe1 Bd5 28. Bxg7 1-0

[Event "Pan American-ch U10"]
[Site "Santiago de Chile"]
[Date "2018.07.25"]
[Round "6"]
[White "Yan, Alex Jikai"]
[Black "Schafranski, Marcelo Emanuel"]
[Result "1/2-1/2"]
[WhiteElo "1382"]
[BlackElo "1316"]
[PlyCount "59"]
[EventDate "2018.07.22"]
[EventType "swiss"]
[EventRounds "9"]
[EventCountry "CHI"]
[SourceTitle "EXT 2022"]
[Source "ChessBase"]
[SourceDate "2021.10.06"]
[SourceVersion "1"]
[SourceVersionDate "2021.10.06"]
[SourceQuality "1"]

1. e4 c5 2. Nf3 d6 3. c3 Nf6 4. Be2 g6 5. 0-0 Bg7 6. Re1 0-0 7. d3 Nc6 8. h3 e6 9. Be3 b6 10. Nbd2 Bb7 11. a3 Rc8 12. b4 Nd7 13. Rc1 a6 14. d4 h6 15. Nb3 Ne7 16. Nbd2 e5 17. d5 f5 18. Nc4 Nf6 19. bxc5 bxc5 20. Rb1 Rb8 21. exf5 gxf5 22. Nb6 Bxd5 23. Nxd5 Nexd5 24. Bc4 Rxb1 25. Bxd5+ Kh8 26. Qxb1 Nxd5 27. c4 Nxe3 28. fxe3 Qa5 29. Nh4 Kg8 30. Kf1 1/2-1/2

[Event "Curitiba Sul Region-ch"]
[Site "Curitiba"]
[Date "2017.04.15"]
[Round "4"]
[White "Schafranski, Marcelo Emanuel"]
[Black "Moraes, Maurino Anastacio"]
[Result "0-1"]
[WhiteElo "1800"]
[BlackElo "1592"]
[PlyCount "57"]
[EventDate "2017.04.14"]
[EventType "swiss"]
[EventRounds "6"]
[EventCountry "BRA"]
[SourceTitle "CBM 178 Extra"]
[Source "ChessBase"]
[SourceDate "2017.06.22"]
[SourceVersion "1"]
[SourceVersionDate "2017.06.22"]
[SourceQuality "1"]

1. d4 Nf6 2. c4 c6 3. Nc3 d5 4. cxd5 cxd5 5. e3 Nc6 6. Bb5 a6 7. Bxc6+ bxc6 8. Qa4 Bd7 9. Qc2 g6 10. e4 Bg7 11. e5 Ng4 12. Bf4 0-0 13. Qd2 c5 14. f3 cxd4 15. Nxd5 Bc6 16. Nb4 Nxe5 17. Bxe5 Bxe5 18. Nxc6 Qd6 19. Nxe5 Qxe5+ 20. Qe2 Qf6 21. Rc1 Rfd8 22. Rc7 e6 23. Qe4 Rab8 24. Rb7 Rbc8 25. Ne2 d3 26. Nc3 d2+ 27. Kd1 Rd4 28. Qe2 Qf5 29. Ne4 0-1

[Event "Curitiba Sul Region-ch"]
[Site "Curitiba"]
[Date "2017.04.14"]
[Round "1"]
[White "Souza, Gustavo Horokoski"]
[Black "Schafranski, Marcelo Emanuel"]
[Result "1-0"]
[WhiteElo "1974"]
[BlackElo "1800"]
[PlyCount "35"]
[EventDate "2017.04.14"]
[EventType "swiss"]
[EventRounds "6"]
[EventCountry "BRA"]
[SourceTitle "CBM 178 Extra"]
[Source "ChessBase"]
[SourceDate "2017.06.22"]
[SourceVersion "1"]
[SourceVersionDate "2017.06.22"]
[SourceQuality "1"]

1. d4 g6 2. c4 Bg7 3. Nc3 e6 4. e4 Ne7 5. Be3 0-0 6. Qd2 c6 7. h4 d5 8. cxd5 cxd5 9. e5 Nbc6 10. Nf3 Nf5 11. Bf4 Qb6 12. 0-0-0 Na5 13. g4 Nc4 14. Bxc4 dxc4 15. gxf5 exf5 16. Bh6 Bxh6 17. Qxh6 Qc6 18. Ng5 1-0